| 000 | 00569nam a22001577a 4500 | ||
|---|---|---|---|
| 003 | NUST | ||
| 005 | 20221006133347.0 | ||
| 020 | _a978-93-528-6845-2 | ||
| 082 | _a621.380413, GAT | ||
| 100 |
_a Pearson India _999286 |
||
| 245 |
_aGATE Electronics and Communication Engineering 2019: _bPerson India |
||
| 260 |
_aIndia _bTrishna Knowledge Systems _c2018 |
||
| 300 | _alxxviii, 906: pages | ||
| 505 | _aPart-1: General Aptitude (Page-1-1), Part-2: Engineering Mathematics (Page-2-1), Part-3: Electronics and Communication Engineering (Page-3-1). | ||
| 942 |
_2ddc _cBK |
||
| 999 |
_c591539 _d591539 |
||